书目信息 |
| 题名: |
彩色电视机原理调试与维修
|
|
| 作者: | 孙如 编著 | |
| 分册: | ||
| 出版信息: | 济南 山东科学技术出版社 1988.12 |
|
| 页数: | 603页 | |
| 开本: | 20cm | |
| 丛书名: | ||
| 单 册: | ||
| 中图分类: | TN949.12 | |
| 科图分类: | ||
| 主题词: | 彩色电视 | |
| 电子资源: | ||
| ISBN: | 7-5331-0391-2 | |
| 000 | 00636nam0 2200217 45 | |
| 001 | 0189009807 | |
| 005 | 20041224090129.8 | |
| 010 | @a7-5331-0391-2@dCNY8.50 | |
| 020 | @aCN@b89009807 | |
| 100 | @a19901121d1988 m y0chiy0120 ea | |
| 101 | 0 | @achi |
| 102 | @aCN@b370000 | |
| 105 | @af z 000yy | |
| 200 | 10 | @a彩色电视机原理调试与维修@Acai se dian shi ji yuan li tiao shi yu wei xiu@f孙 如编著@Fsun ru bian zhu |
| 210 | @a济南@c山东科学技术出版社@d1988.12 | |
| 215 | @a603页@c附图@d20cm | |
| 606 | 0 | @a彩色电视 |
| 690 | @aTN949.12@v1980 | |
| 701 | 0 | @a孙如@4编著 |
| 801 | 0 | @aCN@bNLC@c19901121 |
| 905 | @dTN949.12@e117@f1@b233992 | |
| 彩色电视机原理调试与维修/孙 如编著.-济南:山东科学技术出版社,1988.12 |
| 603页:附图;20cm |
| ISBN 7-5331-0391-2:CNY8.50 |
| ● |
| 相关链接 |
|
|
|
|
正题名:彩色电视机原理调试与维修
索取号:TN949.12/117
 
预约/预借
| 序号 | 登录号 | 条形码 | 馆藏地/架位号 | 状态 | 备注 |
| 1 | 0233988 | 001327193 | 密集书库/ [索取号:TN949.12/117] | 在馆 | |
| 2 | 0233990 | 001326764 | 第三借阅区/ [索取号:TN949.12/117] | 在馆 | |
| 3 | 0233992 | 001972057 | 密集书库/ [索取号:TN949.12/117] | 在馆 | |
| 4 | 0250661 | 001326808 | 第二样本阅览室/ [索取号:TN949.12/117] | 在馆 |